01726cam a22003974i 4500003000900000005001700009008004100026020001500067020001800082035002000100040003300120082002000153100003200173245010600205264003900311300005500350336002100405337002500426338002300451504003900474504003300513505058800546526001001134526001001144526001001154526001001164526000801174526000801182526000801190526000801198526000801206526000801214526000801222650005401230650004401284PE-LiUPU20250731173109.0111218s2018 miua rb 001 0 eng d a0801099439 a9780801099434 a(Sirsi) a251012 aPE-LiUPUbspacPE-LiUPUerda04a261.55bV162231 aVainio, Olli-Pekka,eautor.10aCosmology in theological perspective :bunderstanding our place in the universe /cOlli-Pekka Vainio. 1aMichigan :bBaker Academic,c2018. a212 páginas :bilustraciones ;c23 centímetros atext2rdacontent aunmediated2rdamedia avolume2rdacarrier aBibliografía: páginas 187-206. aÍndice: páginas 207-212.0 aEvery saga has a beginning: philosophical cosmologies in the ancient world -- The voyage home: cosmos in early Christian thought -- Resistance is futile: Galileo, Newton, and Darwin -- All these worlds: on the multiverse -- If it's just us, it seems like an awful waste of space: on human uniqueness -- Infinite space, infinite terror: our cosmic (in)significance -- In space no one can hear you scream? God and being -- There is no gene for the human spirit: images of God -- Come with me if you want to live: incarnations -- To boldly go: beings in search of greater understanding. aSEG42 aSEG41 aSEG40 aSEG39 aP94 aP87 aP86 aP85 aP77 aP76 aP3507aCosmología bíblica2fast0(OCoLC)fst00831325.07aCosmología2fast0(OCoLC)fst00880600.